ELECTRICAL INTERFACE IN ELECTRONIC SYSTEM ITS AVOIDENCE WITHIN HIGH VOLTAGE SUBSTATIONS AND ELSE WHERE (Record no. 580469)

000 -LEADER
fixed length control field 00315nam a22001097a 4500
082 ## - DEWEY DECIMAL CLASSIFICATION NUMBER
Classification number 621.3 MAR'E
100 ## - MAIN ENTRY--PERSONAL NAME
Personal name MARTIN, R. E
9 (RLIN) 74966
245 ## - TITLE STATEMENT
Title ELECTRICAL INTERFACE IN ELECTRONIC SYSTEM ITS AVOIDENCE WITHIN HIGH VOLTAGE SUBSTATIONS AND ELSE WHERE
260 ## - PUBLICATION, DISTRIBUTION, ETC.
Place of publication, distribution, etc. ENGLAND
Name of publisher, distributor, etc. RSP
Date of publication, distribution, etc. 1979
300 ## - PHYSICAL DESCRIPTION
Extent 198P
942 ## - ADDED ENTRY ELEMENTS (KOHA)
Koha item type Book
Holdings
Withdrawn status Lost status Damaged status Not for loan Permanent Location Current Location Shelving location Date acquired Total Checkouts Full call number Barcode Date last seen Price effective from Koha item type
        College of Electrical & Mechanical Engineering (CEME) College of Electrical & Mechanical Engineering (CEME) General Stacks 05/12/2017   621.3 MAR'E CEME-14616 06/28/2021 06/28/2021 Book
© 2023 Central Library, National University of Sciences and Technology. All Rights Reserved.